Seasonal snow cover : a guide for measurement, compilation and assemblage of data.

Bibliographic Details
Corporate Author: Unesco
Format: Book
Language:English
Published: Paris : Unesco, 1970.
Series:Technical papers in hydrology ; 2.
Subjects:

MARC

Tag First Indicator Second Indicator Subfields
LEADER 00000cam a2200000 a 4500
001 in00000521621
005 20151013091246.0
008 750324s1970 fr a b 00010 engmd
035 |a (OCoLC)01233093 
035 |9 ACF8867AM 
040 |c OSU  |d m.c.  |d TXA  |d UtOrBLW 
049 |a TXAM  |c [434867] 
090 |a GB651  |b .T4 no. 2 
110 2 |a Unesco. 
245 1 0 |a Seasonal snow cover :  |b a guide for measurement, compilation and assemblage of data. 
264 1 |a Paris :  |b Unesco,  |c 1970. 
300 |a 38 pages :  |b illustrations ;  |c 28 cm. 
336 |a text  |b txt  |2 rdacontent 
337 |a unmediated  |b n  |2 rdamedia 
338 |a volume  |b nc  |2 rdacarrier 
490 1 |a Technical papers in hydrology ;  |v 2 
500 |a At head of title: A contribution to the International Hydrological Decade. 
500 |a UNESCO/IASH/WMO 
500 |a "SC.68/XXI.2/A." 
500 |a Bibliography: pages 37-38. 
650 0 |a Hydrology. 
650 0 |a Precipitation (Meteorology) 
650 0 |a Snow. 
830 0 |a Technical papers in hydrology ;  |v 2. 
999 |a MARS 
999 f f |s 83abf7ff-ec77-345d-b634-6df73bb0571e  |i 94ee0558-404f-3ff7-8f1d-51cea49fa2f4  |t 0 
952 f f |p ric  |a Texas A&M University  |b Rellis Campus  |c Joint Library Facility  |d Remote Storage  |t 0  |e GB651 .T4 no. 2  |h Library of Congress classification  |i unmediated -- volume  |m A14808072650 
998 f f |a GB651 .T4 no. 2  |t 0  |l Remote Storage